00972nam a2200241 a 450000100100000000500170001000800410002702000150006804000250008310000390010824501280014726000340027530000210030956300640033050500590039459000270045370000310048070000280051170000320053970000370057195201050060899900170071300003980620201002033738.0130722s1985 sp 000 0 spa d a8432224022 aDO-SdBNPbspacBNPHU1 aHemingway, Ernestd1899-19619909110aAguas primaverales :bfiesta ; adios a las armas ; tener y no tener /cErnest heminway ; traductor María tubau...[et.al]. aMadrid :bSeix Barral,c1985. a627 p. ;c23 cm. aCinco obras encuadernadas juntas con paginación continua.0 tFiesta --tAdiós a las armas --ttener y no tener -- aInventariado, 2019/ YL1 atubau, Maríaetr.9660011 aSolá, Metrad.96600212aPujol, Carlosetrad.94546212aIbarzábal, Pedroetrad.914809 001050718MOaGRbGRcCTd2013-07-22iLF1l0o p39806-10r2020-06-25w2020-06-25y1ZNo se presta c39296d39296